000 00502nam a2200205Ia 4500
003 0100
008 130303s9999 xx 000 0 und d
020 _a0850387876
040 _cARRUPELIB
050 _aLB1028.35.R65
100 _aRomiszowski, A.
245 _aDesigning Instructional Systems
245 _bdecision making in course planning and curriculum design
260 _aLondon
260 _bKogan Page
260 _C1981
300 _a415p.
300 _b 23cm
942 _2lcc
_05
999 _c62616
_d62616